000 00507cam a2200205 4500
001 D9905
008 090401t1979 xxu||||| |||| 00| 0 eng d
035 _a(Sirsi) u23231
041 _aeng
050 _a692.3
100 _aWillis, Arthur J
245 _aSpecification writing for architects and surveyors
250 _a7th
260 _aLondon
_bGranada Publishing Co
_c1979
300 _axiii. 98p. 24cm
350 _a4.95
700 _aWillis, Christopher J
942 _n0
948 _c04/03/1997
999 _c88358
_d88358